[Event "22.Deutsche Senioreneinzelmeisterschaft"]
[Site "Berlin"]
[Date "2010.08.20"]
[Round "5.132"]
[White "Ott, Lothar"]
[Black "Thonig, Manfred"]
[Result "1/2-1/2"]
[WhiteElo "1327"]
[BlackElo "1588"]
[PlyCount "164"]
[EventDate "2010.??.??"]
[WhiteTeam "SF Koeln-Longerich 195"]
[BlackTeam "SC Starnberg"]

1. d4 e6 2. c4 f5 3. g3 Nf6 4. Bg2 d5 5. e3 Ne4 6. Nf3 Bb4+ 7. Bd2 Qe7 8. Qa4+
Nc6 9. cxd5 Bxd2+ 10. Nfxd2 exd5 11. Nxe4 fxe4 12. Nc3 Qb4 13. O-O Qxa4 14.
Nxa4 O-O 15. a3 b6 16. b4 Bb7 17. Rac1 Rf7 18. Bh3 Nd8 19. Rc2 Bc8 20. Bg2 Ba6
21. Rfc1 Bc4 22. Nb2 b5 23. a4 a6 24. Ra1 c6 25. axb5 cxb5 26. Bh3 g6 27. Nxc4
bxc4 28. Ra5 Rb7 29. Rxd5 Rxb4 30. Rc5 a5 31. R2xc4 Rxc4 32. Rxc4 a4 33. Rc2 a3
34. Ra2 Kf7 35. Bg2 Ra4 36. Bxe4 Ne6 37. Kg2 h6 38. h4 Kf6 39. f4 Nc7 40. Bb1
Nd5 41. Rf2 Nxe3+ 42. Kf3 Nd1 43. Rc2 Ra6 44. g4 Nb2 45. Ba2 Nd3 46. Ke3 Nb4
47. Rd2 Rc6 48. g5+ hxg5 49. hxg5+ Ke7 50. Bb1 Ra6 51. Ba2 Rd6 52. d5 Rb6 53.
Kd4 Kd6 54. Kc4 Na6 55. Re2 Rb4+ 56. Kc3 Kc5 57. Re6 Nb8 58. Rxg6 Rxf4 59. Rf6
Rg4 60. g6 Rg3+ 61. Kc2 Rg2+ 62. Kb3 Kxd5 63. Kxa3+ Ke5 64. Re6+ Kf5 65. Rb6
Rg3+ 66. Ka4 Rg4+ 67. Kb5 Rg2 68. Bb3 Rg3 69. Bc4 Rg2 70. g7 Rxg7 71. Rxb8 Rg5
72. Kb4 Kf6 73. Re8 Rg4 74. Re6+ Kf5 75. Re1 Kf4 76. Be6 Rh4 77. Kc5 Rh5+ 78.
Kd6 Rh6 79. Re5 Kf3 80. Kd5 Kf4 81. Re4+ Kf3 82. Ke5 Rxe6+ 1/2-1/2

[Event "22.Deutsche Senioreneinzelmeisterschaft"]
[Site "Berlin"]
[Date "2010.08.20"]
[Round "5.133"]
[White "Dymek, Hans-Peter"]
[Black "Stoetzer, Juergen"]
[Result "1-0"]
[WhiteElo "1582"]
[BlackElo "1127"]
[PlyCount "146"]
[EventDate "2010.??.??"]
[WhiteTeam "Schachverein Ennigerloh-Oelde"]
[BlackTeam "Spandauer SV e.V."]

1. d4 d5 2. Nf3 e6 3. c4 c6 4. Nc3 f5 5. cxd5 cxd5 6. Bf4 Nc6 7. e3 Be7 8. Bb5
Bd7 9. O-O Nf6 10. Bxc6 bxc6 11. Ne5 O-O 12. f3 Nh5 13. Qa4 Qc8 14. Rac1 Nxf4
15. exf4 a6 16. Ne2 Qb7 17. Nxd7 Qxd7 18. Qxc6 Rfd8 19. Qxd7 Rxd7 20. Rc6 Rd6
21. Rfc1 Kf7 22. Rc7 Rb8 23. b3 Kf6 24. R1c2 Rbd8 25. Kf2 R8d7 26. R7c6 Bd8 27.
Nc1 Rxc6 28. Rxc6 Rc7 29. Rxc7 Bxc7 30. Nd3 a5 31. g3 Bd6 32. Ke3 Ke7 33. Kd2
Ba3 34. Ne5 Bb4+ 35. Kd3 Kd6 36. Ke2 Bc3 37. Kd3 Bb4 38. Kc2 Ba3 39. h3 Bb4 40.
g4 Be1 41. a3 Bg3 42. Nd3 fxg4 43. fxg4 Bh2 44. h4 Bg1 45. Kc3 Be3 46. f5 exf5
47. gxf5 h5 48. Ne5 Bf4 49. Ng6 Bg3 50. b4 axb4+ 51. Kxb4 Be1+ 52. Kb3 Kc6 53.
a4 Kb6 54. Nf4 Bxh4 55. Nxh5 Bf2 56. Kc3 Ka5 57. Nxg7 Kxa4 58. f6 Bg3 59. f7
Bd6 60. Ne6 Bb4+ 61. Kd3 Kb3 62. Nc7 Bf8 63. Nxd5 Bd6 64. Nc7 Kb4 65. Ne6 Kb5
66. f8=Q Bxf8 67. Nxf8 Kc6 68. Ke4 Kd6 69. d5 Ke7 70. Ne6 Kd6 71. Kd4 Kd7 72.
Kc5 Ke7 73. Kc6 Ke8 1-0

[Event "22.Deutsche Senioreneinzelmeisterschaft"]
[Site "Berlin"]
[Date "2010.08.20"]
[Round "5.134"]
[White "Deak-Willimsky, Emanuela"]
[Black "Hoose, Hannelore"]
[Result "0-1"]
[WhiteElo "1280"]
[BlackElo "1576"]
[PlyCount "121"]
[EventDate "2010.??.??"]
[WhiteTeam "SF Furtwangen-Voehrenbach"]
[BlackTeam "SC Vahr"]

1. c4 e6 2. Nc3 c6 3. g3 g6 4. Bg2 d6 5. Nf3 Bg7 6. O-O Nf6 7. d4 O-O 8. e4 d5
9. e5 Nfd7 10. c5 b6 11. b4 a5 12. b5 bxc5 13. a4 cxd4 14. Qxd4 cxb5 15. Nxb5
Ba6 16. Re1 Bxb5 17. axb5 Qb6 18. Qxb6 Nxb6 19. Ba3 Rc8 20. Bd6 N8d7 21. Nd4
Nc4 22. Nc6 Nxd6 23. Rxa5 Rxa5 24. exd6 Bf8 25. Nxa5 Bxd6 26. Rb1 Bb8 27. Nc6
Kf8 28. Kf1 Ke8 29. Ke2 Nb6 30. Kd3 Kd7 31. f4 h5 32. h4 Nc4 33. Kd4 Bc7 34.
Bxd5 exd5 35. Kxd5 Ne3+ 36. Kc5 Nf5 37. Rd1+ Ke6 38. Re1+ Kf6 39. Rb1 Nxg3 40.
b6 Ne4+ 41. Kd4 Ng3 42. b7 Re8 43. Ne5 Nf5+ 44. Kc5 Re6 45. Nd7+ Kg7 46. Ne5
Bd6+ 47. Kd5 Ne7+ 48. Kc4 f6 49. Nd3 Bb8 50. Nc5 Rc6 51. Re1 Kf7 52. Kb5 Rd6
53. Ra1 Rd5 54. Ra8 Bxf4 55. Kc4 Rd1 56. Nd3 Bg3 57. Kc3 Rb1 58. Nb4 Be5+ 59.
Kc4 Rc1+ 60. Kb5 Rb1 61. Kc4 0-1

[Event "22.Deutsche Senioreneinzelmeisterschaft"]
[Site "Berlin"]
[Date "2010.08.20"]
[Round "5.136"]
[White "Melzig, Ernst"]
[Black "Polifka, Wilfried"]
[Result "0-1"]
[WhiteElo "1273"]
[BlackElo "1566"]
[PlyCount "116"]
[EventDate "2010.??.??"]

1. b4 b6 2. Bb2 Bb7 3. e3 e6 4. Nf3 Bxb4 5. Bxg7 f6 6. Bxh8 Qe7 7. Bxf6 Qxf6 8.
c3 Bd6 9. d4 Nc6 10. Nbd2 Be7 11. Bb5 Nd8 12. O-O Nf7 13. e4 Ng5 14. Nxg5 Qxg5
15. f4 Qxb5 16. f5 O-O-O 17. c4 Qb4 18. Nb3 Qa5 19. Qd3 Nf6 20. e5 Ne4 21. a3
Qa4 22. d5 exd5 23. cxd5 Ba6 24. Qd4 Qxd4+ 25. Nxd4 Bc5 26. Rfd1 Bc4 27. h3
Bxd5 28. Kh2 Rg8 29. Nb5 Bb7 30. Nxa7+ Kd8 31. Nb5 Nf2 32. Rg1 Nd3 33. e6 c6
34. Rad1 Ne5 35. Nd6 Ba8 36. Nf7+ Nxf7 37. Rxd7+ Kc8 38. Rxf7 Bxg1+ 39. Kxg1 c5
40. Rd7 Bc6 41. Rd2 Be4 42. Rf2 Re8 43. f6 Kd8 44. Rd2+ Kc8 45. Rd6 Bg6 46.
Rxb6 Kc7 47. Ra6 c4 48. Kf1 c3 49. Ke1 Rb8 50. Ra7+ Kd6 51. Ra6+ Kc7 52. Ra7+
Kd6 53. Ra6+ Ke5 54. Rc6 c2 55. Kd2 Kxf6 56. g4 Rd8+ 57. Ke3 Rd1 58. g5+ Ke7
0-1

[Event "22.Deutsche Senioreneinzelmeisterschaft"]
[Site "Berlin"]
[Date "2010.08.20"]
[Round "5.137"]
[White "Gunkel, Wolfgang"]
[Black "Vidic, Dobrivoje"]
[Result "0-1"]
[WhiteElo "1558"]
[BlackElo "1653"]
[PlyCount "102"]
[EventDate "2010.??.??"]
[WhiteTeam "TSG Rot-Weiß Fredersdorf/Vogelsd"]
[BlackTeam "SK Aleksandar Matanovic"]

1. d4 c6 2. c4 d5 3. Nc3 Nf6 4. Nf3 e6 5. Bg5 Be7 6. e3 Nbd7 7. cxd5 cxd5 8.
Bd3 a6 9. O-O h6 10. Bh4 b5 11. a3 Bb7 12. h3 Rc8 13. Nd2 Nb6 14. Rc1 Nc4 15.
Rc2 Qd7 16. Ndb1 O-O 17. Qc1 Rc6 18. Ne2 Rfc8 19. Bxf6 Bxf6 20. e4 R6c7 21. e5
Bg5 22. f4 Be7 23. Rf3 Na5 24. b4 Rxc2 25. Bxc2 Nc4 26. Qd1 Qc7 27. Nec3 Qb6
28. Kh2 a5 29. f5 axb4 30. axb4 Bxb4 31. fxe6 Nb2 32. exf7+ Kf8 33. Qd2 Rc7 34.
Qf2 Bxc3 35. Nxc3 b4 36. Na4 Nxa4 37. Bxa4 Qe6 38. Be8 Ba6 39. Rb3 Rb7 40. Qh4
Rb8 41. Qg4 Qxg4 42. hxg4 Bc4 43. Rb2 b3 44. e6 Rb6 45. Bd7 Bd3 46. Rf2 Rb8 47.
Rb2 Bc2 48. Bc6 Rd8 49. Kg3 Ke7 50. Kf4 Be4 51. Ke5 Ra8 0-1

[Event "22.Deutsche Senioreneinzelmeisterschaft"]
[Site "Berlin"]
[Date "2010.08.20"]
[Round "5.138"]
[White "Wiebke, Elfriede"]
[Black "Gelzinnus, Siegfried"]
[Result "0-1"]
[WhiteElo "1050"]
[BlackElo "1557"]
[PlyCount "66"]
[EventDate "2010.??.??"]

1. e4 c6 2. Nf3 d5 3. Bd3 dxe4 4. Bxe4 Nf6 5. Nc3 Nbd7 6. d4 g6 7. Bg5 Bg7 8.
O-O O-O 9. h3 Re8 10. Re1 Qb6 11. b3 Qa5 12. Qd3 Nf8 13. a4 Ne6 14. Ne2 Nxg5
15. Nxg5 Qxg5 16. Ng3 Nxe4 17. Rxe4 Bf5 18. Nxf5 Qxf5 19. Rf1 Rad8 20. c3 c5
21. f3 cxd4 22. cxd4 Bxd4+ 23. Kh1 Be5 24. Qe2 Bf6 25. g4 Qd5 26. b4 Qd3 27.
Qg2 Rd4 28. g5 Bg7 29. Rxd4 Qxd4 30. Rb1 Rd8 31. a5 Be5 32. Qf1 Qf4 33. Qg2 Rd2
0-1

[Event "22.Deutsche Senioreneinzelmeisterschaft"]
[Site "Berlin"]
[Date "2010.08.20"]
[Round "5.139"]
[White "Heyne, Klaus"]
[Black "Luft, Helga"]
[Result "0-1"]
[WhiteElo "1170"]
[BlackElo "1625"]
[PlyCount "72"]
[EventDate "2010.??.??"]

1. d4 d5 2. Nf3 Nf6 3. e3 e6 4. Be2 c5 5. dxc5 Bxc5 6. O-O O-O 7. c4 Nc6 8.
cxd5 exd5 9. Nc3 Bg4 10. Ne1 Bxe2 11. Qxe2 a6 12. Nd3 Ba7 13. Nf4 d4 14. Nd1
Re8 15. a3 Qd6 16. Qd3 Rad8 17. Ne2 dxe3 18. Qxd6 exf2+ 19. Nxf2 Rxd6 20. Nc3
Ng4 21. Bf4 Rf6 22. Bg3 Rf5 23. Rae1 Rxe1 24. Rxe1 h6 25. Nce4 Nce5 26. h3 Nxf2
27. Bxf2 Nd3 28. Rf1 Nxf2 29. Nxf2 g5 30. g4 Rb5 31. b4 a5 32. bxa5 Rxa5 33.
Ra1 Ra4 34. Rb1 Rxa3 35. Rxb7 Bxf2+ 36. Kxf2 Rxh3 0-1

[Event "22.Deutsche Senioreneinzelmeisterschaft"]
[Site "Berlin"]
[Date "2010.08.20"]
[Round "5.140"]
[White "Schumacher, Ursula"]
[Black "Jacob, Barbara"]
[Result "0-1"]
[WhiteElo "1472"]
[BlackElo "1605"]
[PlyCount "44"]
[EventDate "2010.??.??"]
[WhiteTeam "Godesberger SK 1929 e.V."]
[BlackTeam "SK Ochtrup 61 e.V."]

1. c4 e5 2. Nc3 Nf6 3. g3 Nc6 4. Bg2 Bc5 5. e3 d6 6. a3 a5 7. Nge2 O-O 8. O-O
Bg4 9. f3 Be6 10. b3 Qd7 11. Re1 Bh3 12. Bh1 d5 13. d4 exd4 14. exd4 Ba7 15. c5
Rfe8 16. Bd2 Re7 17. Nb5 Rae8 18. Nxa7 Nxa7 19. Bxa5 Qb5 20. Nf4 Rxe1+ 21. Qxe1
Rxe1+ 22. Rxe1 Qxa5 0-1

[Event "22.Deutsche Senioreneinzelmeisterschaft"]
[Site "Berlin"]
[Date "2010.08.20"]
[Round "5.141"]
[White "Aufmwasser, Guenter"]
[Black "Goepfart, Dietrich"]
[Result "1/2-1/2"]
[WhiteElo "1578"]
[BlackElo "1423"]
[PlyCount "104"]
[EventDate "2010.??.??"]
[WhiteTeam "SV 1922 Hilden"]
[BlackTeam "SSV Vimaria 91 Weimar"]

1. f4 Nf6 2. Nf3 d5 3. e3 e6 4. b3 Nc6 5. Bb5 Bd7 6. Bb2 Be7 7. O-O O-O 8. Qe1
a6 9. Bxc6 Bxc6 10. Ne5 Nd7 11. Nxc6 bxc6 12. Qg3 Bf6 13. d4 Bh4 14. Qh3 f5 15.
Nd2 Be7 16. Nf3 Rf6 17. Ne5 Nxe5 18. fxe5 Rg6 19. Kh1 Rh6 20. Qf3 Rh4 21. Qe2
Bg5 22. g3 Re4 23. Rf4 Bxf4 24. gxf4 Qh4 25. Qf3 Kf7 26. Rg1 h6 27. Bc1 g5 28.
Qg3 Qxg3 29. hxg3 Rg8 30. Rg2 gxf4 31. gxf4 Rxg2 32. Kxg2 c5 33. c3 c4 34. bxc4
dxc4 35. Kf3 c6 36. Bd2 Kg6 37. a3 Kf7 38. Kg3 Ke7 39. Kf3 Kd7 40. Be1 c5 41.
dxc5 Kc6 42. Bd2 Kxc5 43. Kg3 Kb5 44. Kh4 Ka4 45. Kh5 Kxa3 46. Kxh6 Kb2 47. Kg6
a5 48. Kf6 a4 49. Kxe6 a3 50. Kxf5 a2 51. Kxe4 a1=Q 52. Kf5 Qa8 1/2-1/2

[Event "22.Deutsche Senioreneinzelmeisterschaft"]
[Site "Berlin"]
[Date "2010.08.20"]
[Round "5.142"]
[White "Tobi, Kurt"]
[Black "Gnaß, Erhard"]
[Result "1-0"]
[WhiteElo "1543"]
[BlackElo "1418"]
[PlyCount "107"]
[EventDate "2010.??.??"]

1. e4 d5 2. exd5 Nf6 3. d4 Nxd5 4. Nf3 g6 5. h3 Bg7 6. c3 O-O 7. Be2 Nd7 8. O-O
N7f6 9. Ne5 c6 10. c4 Nc7 11. Nc3 Bf5 12. Bf3 Rb8 13. Be3 Nd7 14. Ng4 Bxg4 15.
Bxg4 Nb6 16. Be2 e6 17. Qd2 Re8 18. f4 f5 19. Rad1 Qe7 20. Qe1 Qb4 21. b3 Rbd8
22. Rd3 Qe7 23. Qf2 Nc8 24. Rfd1 a6 25. Bf3 Nd6 26. a4 Rb8 27. g3 Red8 28. Kh2
Nf7 29. h4 h5 30. Ne2 Nh6 31. R1d2 Ng4+ 32. Bxg4 fxg4 33. Qe1 Re8 34. Qh1 Qf7
35. Nc3 Red8 36. Ne4 b5 37. Nc5 Qe8 38. Qe4 Bf8 39. Qe5 Bd6 40. Qe4 Qf7 41.
Qxc6 bxc4 42. bxc4 Rbc8 43. Nb7 Qe7 44. Nxd8 Qxd8 45. Qe4 Kh7 46. d5 exd5 47.
cxd5 Qd7 48. Bb6 Re8 49. Qc4 Na8 50. Qc6 Bxf4 51. gxf4 Qe7 52. Bf2 Qe4 53. Bg3
Rf8 54. Qd6 1-0

[Event "22.Deutsche Senioreneinzelmeisterschaft"]
[Site "Berlin"]
[Date "2010.08.20"]
[Round "5.143"]
[White "Borkenhagen, Bernd"]
[Black "Berg, Gerd"]
[Result "1/2-1/2"]
[WhiteElo "1494"]
[BlackElo "1393"]
[PlyCount "80"]
[EventDate "2010.??.??"]

1. d4 Nf6 2. e3 e6 3. Nd2 d5 4. Bd3 Nc6 5. Ngf3 Bd6 6. c3 O-O 7. O-O a6 8. Re1
b6 9. e4 dxe4 10. Nxe4 h6 11. Nxf6+ Qxf6 12. Be4 Bb7 13. Qc2 Na5 14. Bxb7 Nxb7
15. Ne5 Bxe5 16. dxe5 Qe7 17. Qe2 Nc5 18. Be3 Nd7 19. Qh5 f5 20. exf6 Nxf6 21.
Qh3 Qf7 22. Qf3 c5 23. Rad1 Qe7 24. Bc1 Rad8 25. Rxd8 Rxd8 26. h3 Rd5 27. Qe2
Qd6 28. Qxa6 Ne4 29. Qe2 Nf6 30. g3 e5 31. Kg2 g5 32. Qc4 Kg7 33. f3 Rd1 34.
Qe2 Rxe1 35. Qxe1 Qd5 36. a3 e4 37. fxe4 Nxe4 38. Kh2 Qd3 39. b4 Qc2+ 40. Kg1
Kg6 1/2-1/2

[Event "22.Deutsche Senioreneinzelmeisterschaft"]
[Site "Berlin"]
[Date "2010.08.20"]
[Round "5.144"]
[White "Buss, Richard"]
[Black "Girod, Gudrun"]
[Result "1/2-1/2"]
[WhiteElo "1482"]
[BlackElo "1285"]
[PlyCount "26"]
[EventDate "2010.??.??"]
[WhiteTeam "VfR Heisfelde e.V."]
[BlackTeam "Polizei SC Hannover"]

1. e4 d5 2. exd5 Qxd5 3. d4 e6 4. Nf3 Nf6 5. c4 Qd8 6. Nc3 Bb4 7. Bd2 Bxc3 8.
Bxc3 O-O 9. Bd3 Nbd7 10. O-O h6 11. Qc2 c6 12. Rfc1 a6 13. a3 Re8 1/2-1/2

[Event "22.Deutsche Senioreneinzelmeisterschaft"]
[Site "Berlin"]
[Date "2010.08.20"]
[Round "5.145"]
[White "Hartlaub, Marianne"]
[Black "Theilig, Reinhard"]
[Result "0-1"]
[WhiteElo "1368"]
[BlackElo "1498"]
[PlyCount "152"]
[EventDate "2010.??.??"]

1. Nf3 Nf6 2. c4 d5 3. g3 e6 4. Bg2 Nc6 5. cxd5 exd5 6. O-O Be7 7. e3 O-O 8.
Nc3 Re8 9. d4 h6 10. h3 Bf5 11. a3 Qd7 12. Kh2 a6 13. b4 Bd6 14. Bb2 Ne7 15.
Ne5 Qc8 16. Rc1 c6 17. Na4 Qc7 18. Nc5 Ng6 19. Ncd3 Be4 20. f4 Bxg2 21. Kxg2
Ne4 22. Nf2 Rad8 23. Rc2 Qe7 24. Qf3 Nxf2 25. Rfxf2 Kh7 26. Rce2 f6 27. Nxg6
Kxg6 28. Qg4+ Kh7 29. f5 Qe4+ 30. Qf3 Qxf3+ 31. Rxf3 Re4 32. h4 Rde8 33. Kh3 h5
34. Kg2 Rg4 35. Bc1 Rxd4 36. Rc2 Rc4 37. Rff2 Ree4 38. Kf3 Rg4 39. Rxc4 Rxg3+
40. Ke2 dxc4 41. Rf3 Be5 42. Rxg3 Bxg3 43. Kf3 c3 44. e4 c2 45. Ke2 g6 46. Kd3
Bxh4 47. Kxc2 Bg3 48. Kd3 h4 49. Ke2 h3 50. Kf3 Be5 51. Bd2 h2 52. Kg2 Kg7 53.
a4 gxf5 54. exf5 Kg8 55. Bh6 Kf7 56. Kh1 Ke7 57. Kg2 Kd6 58. Bg7 Kd5 59. Bxf6
Bxf6 60. Kxh2 Ke5 61. Kg3 Kxf5 62. Kf3 Bd4 63. Ke2 Bc3 64. b5 Ke4 65. bxa6 bxa6
66. Kd1 Kd4 67. Kc2 Kc4 68. Kc1 Kb4 69. Kb1 Kxa4 70. Ka2 a5 71. Kb1 Ka3 72. Kc2
Be5 73. Kc1 Kb3 74. Kb1 a4 75. Kc1 a3 76. Kb1 a2+ 0-1

[Event "22.Deutsche Senioreneinzelmeisterschaft"]
[Site "Berlin"]
[Date "2010.08.20"]
[Round "5.146"]
[White "Grueneschild, Hildegard"]
[Black "Siegmeyer, Ingo"]
[Result "1/2-1/2"]
[WhiteElo "1283"]
[BlackElo "1454"]
[PlyCount "94"]
[EventDate "2010.??.??"]
[WhiteTeam "Schach-Union Muenchen e.V."]
[BlackTeam "BSG 1827 Eckbauer e.V."]

1. c4 c5 2. Nc3 Nc6 3. g3 g6 4. Bg2 Bg7 5. Nf3 Nf6 6. d3 d5 7. cxd5 Nxd5 8. Bd2
O-O 9. O-O Rb8 10. Rb1 b5 11. Nxd5 Qxd5 12. Ng5 Qxa2 13. Bxc6 Bb7 14. Bxb5 Bd5
15. Bc4 Bxc4 16. dxc4 Bxb2 17. Qc2 Qa3 18. Nf3 Rb3 19. Qe4 e6 20. Rfd1 Rfb8 21.
Bf4 Re8 22. Qc6 Rbb8 23. Bxb8 Rxb8 24. Qc7 Rf8 25. Rd7 Qa2 26. Rdd1 Qa3 27. Qb7
Bg7 28. Rd3 Qa2 29. Kf1 Qxc4 30. Qxa7 Qc2 31. Rbd1 c4 32. Rd7 c3 33. Ne1 Qb3
34. Rc1 Bh6 35. Rc2 Qb4 36. Qa2 Qe4 37. Nf3 Qc6 38. Rd3 Bg7 39. Kg1 Rb8 40. Nd4
Qb7 41. e3 Ra8 42. Qxa8+ Qxa8 43. Rdxc3 Qa4 44. Rc8+ Bf8 45. Kg2 Kg7 46. R8c7
Kg8 47. Rc8 Qd7 1/2-1/2

[Event "22.Deutsche Senioreneinzelmeisterschaft"]
[Site "Berlin"]
[Date "2010.08.20"]
[Round "5.147"]
[White "Luebbers, Doris"]
[Black "Schroeder, Gert"]
[Result "1-0"]
[WhiteElo "1386"]
[BlackElo "1171"]
[PlyCount "117"]
[EventDate "2010.??.??"]

1. d4 Nf6 2. Bf4 d6 3. h3 g6 4. e3 c6 5. Nf3 Bg7 6. Be2 Nd5 7. Bh2 Qb6 8. Qc1
Nf6 9. O-O h5 10. c3 Bf5 11. Nbd2 Nbd7 12. Nc4 Qd8 13. Rd1 O-O 14. Bd3 Ne4 15.
Qc2 Ndf6 16. Ncd2 d5 17. Rac1 Qc8 18. Nf1 Bh6 19. Qe2 Kh7 20. Ng3 Bxh3 21. gxh3
Qxh3 22. Qf1 Qe6 23. Qg2 Nxf2 24. Kf1 Nxd1 25. Rxd1 Ng4 26. Bg1 Bxe3 27. Re1
Qf6 28. Bxe3 Nxe3+ 29. Rxe3 c5 30. dxc5 Rad8 31. Qf2 Qg7 32. Rxe7 Rb8 33. Nxh5
Qh6 34. Nf6+ Kg7 35. Nd7 Qh8 36. Ke2 Rbe8 37. Qe3 Qh2+ 38. Kd1 Qh1+ 39. Ne1 Qh4
40. Rxe8 Qg4+ 41. Qe2 Qa4+ 42. b3 Qxd7 43. Rxf8 Kxf8 44. Qe5 Kg8 45. Kc2 b5 46.
Qb8+ Kg7 47. Bxb5 Qf5+ 48. Kb2 Qf2+ 49. Nc2 Qxc5 50. a4 Qe7 51. Qe8 Qg5 52. Qe3
Qh4 53. Qxa7 g5 54. Qd4+ Qxd4 55. Nxd4 g4 56. Nf5+ Kf6 57. Bd3 Ke5 58. a5 Kf4
59. a6 1-0

[Event "22.Deutsche Senioreneinzelmeisterschaft"]
[Site "Berlin"]
[Date "2010.08.20"]
[Round "5.148"]
[White "Ludwig, Siegfried"]
[Black "Ludwig, Egbert"]
[Result "1-0"]
[WhiteElo "1377"]
[BlackElo "1162"]
[PlyCount "131"]
[EventDate "2010.??.??"]
[WhiteTeam "SAbt GSV Hemmingen"]
[BlackTeam "Turn- u. SpV Eichholz-Re"]

1. e4 e6 2. Nf3 d5 3. exd5 exd5 4. d4 Bg4 5. Be2 Bd6 6. O-O Ne7 7. Nc3 c6 8.
Bg5 f6 9. Bh4 O-O 10. h3 Bh5 11. Nh2 Bxe2 12. Qxe2 Ng6 13. Bg3 Bxg3 14. fxg3
Re8 15. Qg4 Qd7 16. Qf3 Qc7 17. Ne2 Qb6 18. Kh1 Nd7 19. b3 Qb4 20. Rae1 Ndf8
21. h4 Ne6 22. h5 Ng5 23. Qg4 Nf8 24. h6 Re4 25. Nf4 g6 26. Rxe4 Nxe4 27. Nd3
f5 28. Rxf5 Qa5 29. Rf1 Qd2 30. Qf3 Qxh6 31. Qf7+ Kh8 32. Qf3 Nd2 33. Qf6+ Qg7
34. Rf2 Qxf6 35. Rxf6 Ne4 36. Rf7 Nxg3+ 37. Kg1 Rb8 38. Nc5 Kg8 39. Rc7 Ne2+
40. Kf2 Nxd4 41. c3 Nde6 42. Rxb7 Rxb7 43. Nxb7 Nd7 44. b4 Nb6 45. Ke3 Kf7 46.
g3 Nc4+ 47. Ke2 Kf6 48. Ng4+ Kf5 49. Ne3+ Ke4 50. Nc2 h5 51. Ne1 Ne3 52. Nd6+
Ke5 53. Nf3+ Kxd6 54. Kxe3 c5 55. b5 g5 56. a4 g4 57. Nh4 Ng5 58. Nf5+ Ke5 59.
Ne7 Ne4 60. Nc6+ Kd6 61. Nxa7 c4 62. Nc6 Nc5 63. a5 Kc7 64. Nb4 Na4 65. Nxd5+
Kd6 66. Kd4 {und noch etwa weitere 10 nicht rekonstruierbare Zuege.} 1-0